Noite sobre as águas (Record no. 2009)

MARC details
000 -Etiqueta do registo
Valores 00816nam a2200289 4500
010 ## - Número ISBN
ISBN 9789722361842
021 ## - Número do Depósito Legal
Código do país Portugal
Número 437236/18
100 ## - Dados gerais de processamento
Dados gerais 20251124d2018 m||y0pory50030103ba
101 ## - Língua de publicação
Língua Português
102 ## - País de publicação
País Portugal
200 ## - Titulo e menção de responsabilidade
Título próprio Noite sobre as águas
Primeira menção de responsabilidade Ken Follett
Outras menções de responsabilidade trad. Isabel Nunes, Helena Sobral
205 ## - Menção da edição
Edição 4ª edição
210 ## - Publicação
Local de publicação Lisboa
Nome do editor Presença
Data de publicação 2018
215 ## - Descrição física 
Paginação / Volumes 414, [2] p.
Outras indicações físicas il.
Dimensões 24 cm
225 ## - Colecção 
Título próprio da colecção Grandes narrativas
Indicação de volume 684
300 ## - Notas gerais 
Texto da nota BMB-Registado
304 ## - Nota relativa ao título
Texto de nota Tít. orig.: Night over water
606 ## - Nome comum usado como assunto
ID Autoridade 824
Palavra de ordem Literatura Inglesa
606 ## - Nome comum usado como assunto
ID Autoridade 779
Palavra de ordem Romance
675 ## - CDU
Notação 821.111-31
Edição BMB
Língua por
700 ## - Autor principal (pessoa individual)
Apelido Follett
Nome Ken
Datas 1949-
ID Autoridade 2862
702 ## - Autor secundário (pessoa individual)
Apelido Nunes
Nome Isabel Maria
Função Tradutor
ID Autoridade 2883
702 ## - Autor secundário (pessoa individual)
Apelido Sobral
Nome Helena
Função Tradutor
ID Autoridade 2884
801 ## - Fonte de origem
País PT
Agência BMB
Regras de catalogação RPC
990 ## - Elementos KOHA
Tipo de documento Livro
Holdings
Situação do levantamento Estado Número Biblioteca de origem Código de barras Cota Permissão de empréstimo Tipo de documento Forma de aquisição
    1 Biblioteca Municipal de Borba 1959 821.111-31 FOL / NOI   Livro Compra
Biblioteca Municipal de Borba

Powered by Koha